Statistics for Bible Characters Quiz #1

Click here to take the quiz!

General Stats

  • This quiz has been taken 56,009 times
  • The average score is 13 of 18

Answer Stats

Clue Character % Correct
Built the arkNoah
99%
Slew GoliathDavid
95%
Baptised JesusJohn the Baptist
91%
Led Jews away from EgyptMoses
90%
Betrayed Jesus for silverJudas
89%
Discovered that Jesus' tomb was emptyMary Magdalene
84%
Swallowed by a whaleJonah
79%
Raised from the dead by JesusLazarus
77%
Former tax collecter, apostle of Jesus,
and writer of Gospel
Matthew
70%
Wife of AbrahamSarah
70%
Doubted Jesus' resurrectionThomas
67%
His sons became the 12 tribes of IsraelJacob
65%
Built the templeSolomon
62%
Righteous man who God allowed
Satan to torment
Job
60%
Brought Jews to EgyptJoseph
54%
Fought the battle of JerichoJoshua
52%
Sold his birthright to ^Esau
48%
Third son of Adam and EveSeth
45%

Score Distribution

Percentile by Number Answered

Percent of People with Each Score

Your Score History

You have not taken this quiz